• 首页
  • 本馆介绍
  • 公告通知
  • 最新文献
  • 馆藏检索
  • 电子资源
  • 读者导购
  • 参考咨询
  • 我的图书馆
  • 登录
  • 详细信息显示
  • 放入我的书架
  • 预约/预借图书
  • 作者相关作品
  • 分类相关作品
  • 丛书相关作品
  • 出版社相关作品

书目信息

  • 表格格式
  • 工作单格式
  • 卡片格式
题名:
羌族姓氏文化研究
    
 
作者: 余昕 著
分册:  
出版信息: 成都   四川大学出版社  2020
页数: 289页
开本: 24cm
丛书名: 阿坝州社科陈实
单 册:
中图分类: K287.4 , K287.4
科图分类:
主题词: 羌族--qiang zu--姓氏--文化--研究--中国
电子资源:
ISBN: 978-7-5690-2522-4
000 01087nam 2200289 450
001 2338916864
005 20231224132234.98
010    @a978-7-5690-2522-4@dCNY85.00
100    @a20200418d2020 em y0chiy50 ea
101 0  @achi
102    @aCN@b510000
105    @ay a 000yy
200 1  @a羌族姓氏文化研究@Aqiang zu xing shi wen hua yan jiu@f余昕著
210    @a成都@c四川大学出版社@d2020
215    @a289页@d24cm
225 2  @a阿坝州社科陈实@Aa ba zhou she ke chen shi
300    @a本书由阿坝州社资金项目“羌族姓氏文化研究”(项目编号: ABKT2017049) 资助
314    @a余昕, 羌族, 男, 四川省阿坝师范学院副研究馆员。
320    @a有书目 (第286-289页)
330    @a本书主要对羌族姓氏的起源、发展、衰亡等几个方面进行了论述, 对几千年以来出现在重要历史典籍中的古代羌人的姓氏进行了整理和收集, 并对现今居住于岷江上游地区羌人的主要姓氏进行了调查。
410  0 @12001 @a阿坝州社科陈实
606 0  @a羌族@Aqiang zu@x姓氏@x文化@x研究@y中国
690    @aK287.4@v5
690    @aK287.4@v4
701  0 @a余昕@Ayu xin@4著
801  0 @aCN@b湖北三新@c20200418
905    @aZUCC@dK287.4@e1
    
    羌族姓氏文化研究/余昕著.-成都:四川大学出版社,2020
    289页;24cm.-(阿坝州社科陈实)
    本书由阿坝州社资金项目“羌族姓氏文化研究”(项目编号: ABKT2017049) 资助
    
    ISBN 978-7-5690-2522-4:CNY85.00
    本书主要对羌族姓氏的起源、发展、衰亡等几个方面进行了论述, 对几千年以来出现在重要历史典籍中的古代羌人的姓氏进行了整理和收集, 并对现今居住于岷江上游地区羌人的主要姓氏进行了调查。
●
相关链接 在五车中查询图书 在当当中查询图书 在豆瓣中查询图书


正题名:羌族姓氏文化研究     索取号:K287.4/1         预约/预借

序号 登录号 条形码 馆藏地/架位号 状态 备注
1 2001360381   2001360381   404传统文化书屋/404室B面1架1层1列/ [索取号:K287.4/1] 在馆    
2 2001360382   2001360382   404传统文化书屋/404室B面1架1层1列/ [索取号:K287.4/1] 在馆    
3 2001360383   2001360383   404传统文化书屋/404室B面1架1层1列/ [索取号:K287.4/1] 在馆    
4 2001360384   2001360384   404传统文化书屋/404室B面1架1层1列/ [索取号:K287.4/1] 在馆    
5 2001360385   2001360385   404传统文化书屋/404室B面1架1层1列/ [索取号:K287.4/1] 在馆    
6 2001360386   2001360386   404传统文化书屋/404室B面1架1层1列/ [索取号:K287.4/1] 在馆    
7 2001360387   2001360387   315书库/ [索取号:K287.4/1] 在馆    
8 2001360388   2001360388   315书库/ [索取号:K287.4/1] 在馆    
9 2001360389   2001360389   315书库/ [索取号:K287.4/1] 在馆    
10 2001360390   2001360390   218书库/ [索取号:K287.4/1] 在馆    
11 2001360391   2001360391   218书库/ [索取号:K287.4/1] 在馆    
12 2001360392   2001360392   315书库/ [索取号:K287.4/1] 在馆    
13 2001360393   2001360393   512书库/ [索取号:K287.4/1] 在馆    
14 2001360394   2001360394   512书库/ [索取号:K287.4/1] 在馆    
15 2001360395   2001360395   512书库/ [索取号:K287.4/1] 在馆    
16 2001360396   2001360396   512书库/ [索取号:K287.4/1] 在馆    
17 2001360397   2001360397   512书库/ [索取号:K287.4/1] 在馆    
18 2001360398   2001360398   512书库/ [索取号:K287.4/1] 在馆    
19 2001360399   2001360399   第四书库/四21架B面4层2列/ [索取号:K287.4/1] 在馆    
20 2001360400   2001360400   第四书库/四21架B面4层2列/ [索取号:K287.4/1] 在馆    
21 2001360401   2001360401   第四书库/四21架B面4层2列/ [索取号:K287.4/1] 在馆    
22 2001360402   2001360402   第四书库/四21架B面4层2列/ [索取号:K287.4/1] 在馆    
23 2001360403   2001360403   第四书库/四21架B面4层2列/ [索取号:K287.4/1] 在馆    
24 2001360404   2001360404   218书库/ [索取号:K287.4/1] 在馆    
25 2001360405   2001360405   218书库/ [索取号:K287.4/1] 在馆    
26 2001360406   2001360406   218书库/ [索取号:K287.4/1] 在馆    
27 2001360407   2001360407   218书库/ [索取号:K287.4/1] 在馆    
28 2001360408   2001360408   315书库/ [索取号:K287.4/1] 在馆    
29 2001360409   2001360409   315书库/ [索取号:K287.4/1] 在馆    
山东省滨州职业学院图书馆 欢迎您!
大连网信软件有限公司© 版权所有